|
|
|
|
| LEADER |
00928nab a2200241 i 4500 |
| 001 |
misc64788 |
| 005 |
20231019152005.0 |
| 008 |
230620s1961 hu o 0|| fre d |
| 022 |
|
|
|a 0001-6446
|
| 040 |
|
|
|a SZTE Miscellanea Repozitórium
|b hun
|
| 041 |
|
|
|a fre
|
| 100 |
1 |
|
|a Sinor Dénes
|
| 245 |
1 |
0 |
|a Un suffixe de lieu ouralo-altaïque
|h [elektronikus dokumentum] /
|c Sinor Dénes
|
| 260 |
|
|
|c 1961
|
| 300 |
|
|
|a 169-178
|c 24 cm
|
| 300 |
|
|
|a [10] p.
|c 24 cm
|
| 490 |
0 |
|
|a Acta Orientalia Academiae Scientiarum Hungaricae;Acta Orientalia Academiae Scientiarum Hungaricae : a Magyar Tudományos Akadémia orientalisztikai közleményei
|
| 561 |
|
|
|a Németh Gyula hagyaték
|
| 591 |
|
|
|a NOA 5610; LOA 3597
|
| 650 |
|
4 |
|a Bölcsészettudományok
|
| 650 |
|
4 |
|a Nyelvek és irodalom
|
| 695 |
|
|
|a Uráli nyelvek - alaktan, Altaji nyelvek - alaktan
|
| 856 |
4 |
0 |
|u http://misc.bibl.u-szeged.hu/64788/1/5610_noa.pdf
|z Dokumentum-elérés
|